|
|
|
|
| LEADER |
02094nam a2200433 i 4500 |
| 001 |
39021 |
| 003 |
BD-DhAAL |
| 008 |
220626r20222015enka b 001 0 eng d |
| 999 |
|
|
|c 44087
|d 44087
|
| 010 |
|
|
|a 2014004947
|
| 020 |
|
|
|a 9780367613969 (pbk)
|
| 020 |
|
|
|a 9780415638432 (hbk)
|
| 020 |
|
|
|z 9781315761596 (ebk)
|
| 040 |
|
|
|a DLC
|b eng
|c DLC
|e rda
|d DLC
|d BD-DhAAL
|
| 042 |
|
|
|a pcc
|
| 050 |
0 |
0 |
|a PE2751
|b .J46 2015
|
| 082 |
0 |
0 |
|a 427
|2 23
|
| 100 |
1 |
|
|a Jenkins, Jennifer,
|d 1950-
|e author.
|9 49681
|
| 240 |
1 |
0 |
|a World Englishes
|
| 245 |
1 |
0 |
|a Global Englishes :
|b a resource book for students /
|c Jennifer Jenkins.
|
| 250 |
|
|
|a Third Edition.
|
| 264 |
|
1 |
|a London ;
|a New York :
|b Routledge, Taylor & Francis Group,
|c 2015 [reprinted 2022].
|
| 300 |
|
|
|a xvi, 280 pages :
|b illustrations ;
|c 26 cm.
|
| 490 |
0 |
|
|a Routledge English language Introductions
|
| 500 |
|
|
|a Previously published as: World Englishes: a resource book for students / Jennifer Jenkins, 2nd ed., 2009.
|
| 504 |
|
|
|a Includes bibliographical references (pages 251-271) and index.
|
| 526 |
|
|
|a ENH
|
| 541 |
|
|
|a Book Finder International
|e 39021, 39022
|
| 650 |
|
0 |
|a English language
|x Variation
|z English-speaking countries.
|9 49682
|
| 650 |
|
0 |
|a English language
|x Variation
|z Commonwealth countries.
|9 49683
|
| 650 |
|
0 |
|a English language
|x Variation
|z Foreign countries.
|9 49684
|
| 650 |
|
0 |
|a English language
|z English-speaking countries.
|9 49685
|
| 650 |
|
0 |
|a English language
|z Commonwealth countries.
|9 49686
|
| 650 |
|
0 |
|a English language
|z Foreign countries.
|9 49687
|
| 830 |
|
|
|a Routledge English language Introductions
|9 49688
|
| 852 |
|
|
|a Ayesha Abed Library
|c General Stacks
|
| 942 |
|
|
|2 ddc
|c BK
|
| 952 |
|
|
|0 0
|1 0
|2 ddc
|4 0
|6 427_000000000000000_JEN
|7 0
|9 71087
|a BRACUL
|b BRACUL
|c GEN
|d 2022-06-23
|e Book Finder International
|g 1410.62
|l 2
|m 28
|o 427 JEN
|p 3010039022
|r 2025-05-05
|s 2025-02-09
|t 2
|v 1410.62
|w 2022-06-23
|y BK
|
| 952 |
|
|
|0 0
|1 0
|2 ddc
|4 0
|6 427_000000000000000_JEN
|7 0
|9 71088
|a BRACUL
|b BRACUL
|c GEN
|d 2022-06-23
|e Book Finder International
|g 1410.62
|l 4
|m 4
|o 427 JEN
|p 3010039021
|r 2025-03-15
|s 2025-02-09
|t 1
|v 1410.62
|w 2022-06-23
|y BK
|